000 00354 a2200085 4500
999 _c20146
_d20146
003 WA 310
005 20220214121335.0
008 220214s2002 pl |||f u||| 000 0dpol d
020 _a8323681791
040 _aWA 310
_cWA 310
041 _apol
_heng
245 0 0 _aWzmacniacze światłowodowe - Podstawowa specyfikacja - Część 2-3: Metody pomiarowe parametrów mocy optycznej - Miernik mocy optycznej =
_bOptical fibre amplifiers - Basic specification - Part 2-3: Test methods for optical power parameters - Optical power meter PN-EN 61290-2-3:2002P /
_cNKP nr 282.
246 1 3 _aPN-EN 61290-2-3
246 1 3 _aICS 33.180.30
246 1 3 _aPolska Norma
246 3 1 _aOptical fibre amplifiers - Basic specification - Part 2-3: Test methods for optical power parameters - Optical power meter
260 _aWarszawa :
_bPKN,
_c2002.
300 _a13 stron ;
_c30 cm.
336 _2rdacontent
_aTekst
_btxt
337 _2rdamedia
_aBez urządzenia pośredniczącego
_bn
338 _2rdacarrier
_aWolumin
_bnc
500 _aWprowadza EN 61290-2-3:1998, IDT, IEC 61290-2-3:1998, IDT ; Zatwierdzona 11 lipca 2002 r.
500 _aNorma Europejska EN 61290-2-3:1998 ma status Polskiej Normy.
504 _aBibliografia na stronie 12.
590 _6Status: wycofana.
710 _91107
_aPolska.
_bPolski Komitet Normalizacyjny.
_eInstytucja sprawcza
710 _91108
_aPolska.
_bPolski Komitet Normalizacyjny.
_bWydział Wydawnictw Normalizacyjnych.
_eWydawca
920 _a83-236-8179-1
942 _2ddc
_cBK